| 000 | 00560nam a22001817a 4500 | ||
|---|---|---|---|
| 999 |
_c187360 _d187360 |
||
| 005 | 20220413120212.0 | ||
| 010 | _aENG-132301 | ||
| 020 |
_a9789386078247 _c670.00 |
||
| 035 | _aEN-115833 | ||
| 037 | _bDBAD/PUB | ||
| 082 | _a294.5513 | ||
| 100 | _aYadav, Vivek | ||
| 245 |
_aDance and Ritual of Early Hinduism/ _cVivek Yadav |
||
| 260 |
_aDelhi _bPrakashan Kendra _c2018 |
||
| 270 |
_bDelhi _a1/11955, First Floor oad No. 65 Subhash Marg, Shahdara _e110032 |
||
| 300 |
_a176p. _bBibliography _c22cm(hbk) |
||
| 942 |
_2ddc _cEN _mYAD _h294.5513 |
||